| 000 | 01032nam a22002537a 4500 | ||
|---|---|---|---|
| 999 |
_c7694 _d7694 |
||
| 003 | AR-CdUCM | ||
| 008 | 190321b ||||| |||| 00| 0 spa d | ||
| 040 |
_aMUNICIPALIDAD PROVINCIAL DEL CUSCO _cBIBLIOTECA MUNICIPAL DEL CUSCO |
||
| 041 | _heng | ||
| 082 |
_a631.52 / _bSE38 |
||
| 110 |
_aDepartamento de Agricultura de los Estados Unidos de América. _920855 |
||
| 245 |
_aSemillas : _banuario de agricultura / |
||
| 260 |
_aMéxico D. F. : _bContinental, _c1961. |
||
| 300 |
_a1020 páginas ; _bilustraciones, fotografías, tablas, _c23 cm. |
||
| 505 | _aContenido: La importancia de la semilla -- Los procesos vitales de las semillas -- La producción de semillas -- El beneficio de las semillas -- Certificación de semillas ... | ||
| 650 |
_aSemillas _921520 |
||
| 650 |
_aSelección _921725 |
||
| 650 |
_aProducción _91785 |
||
| 700 |
_aMarino, Antonio _921726 |
||
| 700 |
_aRodríguez, Panfilo (traductores) _921727 |
||
| 710 |
_aCentro Regional de ayuda Técnica - AID. _921728 |
||
| 942 |
_2ddc _cLIBROS |
||
| 945 | _aachl | ||